| 000 | 01126nam a22002897a 4500 | ||
|---|---|---|---|
| 001 | 8846 | ||
| 003 | FISKH | ||
| 005 | 20251024100941.0 | ||
| 008 | 251023b cb ||||| |||| 00| 0 eng d | ||
| 040 |
_aFISKH _bkhr _cFISKH _dFISKH |
||
| 082 | _a613 | ||
| 100 | _aក្រសួងអប់រំ យុវជន និងកីឡា | ||
| 245 |
_aនរណាឈឺ / _cក្រសួងអប់រំ យុវជន និងកីឡា |
||
| 260 |
_aភ្នំពេញ : _bក្រសួងអប់រំ យុវជន និងកីឡា , _c២០២០ . |
||
| 300 |
_a8 pages : _bcolor illustrations ; _c30 cm . |
||
| 490 | _aLet's Read | ||
| 505 | _aF | ||
| 520 | _aពិសី ពិធូរ ពីពី និងពៅពៅឈឺ ។ | ||
| 520 | _aPisey , Pytou , Py Py and Pov Pov are sick . | ||
| 521 | 8 |
_a300
_bLexile estimate |
|
| 521 | 8 |
_aF
_bRaz-Plus |
|
| 650 |
_aនរណាឈឺ _vរឿងនិទានកុមារ |
||
| 650 |
_aWho is sick ? _vChildren's Stories |
||
| 700 |
_aSak, Mai _eIllustrator |
||
| 942 |
_2ddc _cKHB _n0 |
||
| 999 |
_c8846 _d8846 |
||